| 000 | 00900nam a2200217Ii 4500 | ||
|---|---|---|---|
| 003 | JO-AjNU | ||
| 008 | 230605s9999||||xx |||||||||||||| ||und|| | ||
| 017 | _a2013/6/2191 | ||
| 020 | _a978-9957-19-049-1 | ||
| 040 |
_aJO-AjNU _bara _erda _cJO-AjNU |
||
| 041 | _aara | ||
| 050 | 1 | 4 | _aHC498 .I67 .2013 |
| 100 | 3 |
_a محمود عبد الفضيل ...[وآخرون] ؛ مراجعة وتقديم باسل البستاني, _eauthor _949588 |
|
| 245 | 0 | 0 | _aالاقتصاد العربي : محددات ومحفزات = The Arab world economy : constraints and incentives |
| 264 | 3 | 1 | _aعمان:مؤسسة عبد الحميد شومان،2013 |
| 300 | _a206ص | ||
| 336 |
_atext _btxt _2rdacontent |
||
| 337 |
_aunmediated _bn _2rdamedia |
||
| 338 |
_avolume _bnc _2rdacarrier |
||
| 650 | 4 |
_aالبلاد العربية - أحوال اقتصادية - قرن 20 - مقالات ومحاضرات _949589 |
|
| 999 |
_aA21789 _c25357 _d25357 |
||